Catálogo

AUDITING (Registro nro. 49364)

Detalles MARC
000 -LEADER
fixed length control field 00799nam a2200205 a 4500
001 - CONTROL NUMBER
control field 49364
005 - DATE AND TIME OF LATEST TRANSACTION
control field 20180714034031.0
008 - FIXED-LENGTH DATA ELEMENTS--GENERAL INFORMATION
fixed length control field 140415d 000 0 spa d
020 ## - INTERNATIONAL STANDARD BOOK NUMBER
International Standard Book Number 0072906952
041 ## - LANGUAGE CODE
Language code of text/sound track or separate title spa
082 ## - DEWEY DECIMAL CLASSIFICATION NUMBER
Classification number 657.45
Item number ROB
100 1# - MAIN ENTRY--PERSONAL NAME
Personal name ROBERTSON, JACK C.
245 10 - TITLE STATEMENT
Title AUDITING
250 ## - EDITION STATEMENT
Edition statement 9a ed.
260 ## - PUBLICATION, DISTRIBUTION, ETC.
Place of publication, distribution, etc. [s.l.] :
Name of publisher, distributor, etc. INDETERMINADO,
Date of publication, distribution, etc. [s.f.]
300 ## - PHYSICAL DESCRIPTION
Extent 616
Dimensions 28.2 x 22 x 3.5
520 ## - SUMMARY, ETC.
Summary, etc. THIS NINTH EDITION MAINTAINS AND EMPHASIS ON FINANCIAL AUDITORS DECISION-MAKING PROCESSES:1) RECOGNIZING PROBLEMS AND DEVELOPING AUDIT OBJETIVES 2) GATHERING EVIDENCE WITH AUDIT PROCEDURES AND 3) MAKING JUDMENTS ABOUT CONTROL RISK AND THE FAIR PRESENTATION OF FINANCIAL STATEMENT ASSERTIONS.
650 14 - SUBJECT ADDED ENTRY--TOPICAL TERM
Topical term or geographic name entry element AUDITORIA
700 1# - ADDED ENTRY--PERSONAL NAME
Personal name LOUWERS, TIMOTHY J.
Relator term coaut.
Existencias
Withdrawn status Lost status Source of classification or shelving scheme Damaged status Not for loan Collection code Home library Current library Shelving location Date acquired Source of acquisition Inventory number Total Checkouts Full call number Barcode Date last seen Date last checked out Price effective from Koha item type
    Dewey Decimal Classification     General Biblioteca Karol Wojtyla Biblioteca Karol Wojtyla Sala general 03/12/2013 Compra 151000000000000000021160 1 657.45 ROB 73807 09/04/2026 09/04/2026 03/12/2013 Libro